Connect the 16-Letter Words Quiz Stats

 Plays Quiz Updated Aug 13, 2017

Challenge
Share
Tweet
Score 0/15 Timer 03:00
1 Play Today
% Correct
multimil
98.1%
disquali
98%
environm
98%
characte
97.6%
overcomp
97.6%
hyperven
97.2%
semiprof
97.1%
unapolog
97%
% Correct
misappro
96.7%
unconsti
96.7%
enthusia
96.2%
absentmi
96.1%
bloodthi
95.8%
gastroin
95.3%
counteri
94.8%

You're not logged in!

Compare scores with friends on all Sporcle quizzes.
Join for Free
OR
Log In

You Might Also Like...

Show Comments

Extras

Top Quizzes Today


Score Distribution

Your Account Isn't Verified!

In order to create a playlist on Sporcle, you need to verify the email address you used during registration. Go to your Sporcle Settings to finish the process.

Report this User

Report this user for behavior that violates our Community Guidelines.

Details: